000 00534nam a22001697a 4500
999 _c40983
_d40983
003 OSt
005 20210225125531.0
008 210224b ||||| |||| 00| 0 eng d
020 _a9789385172335
040 _coclc
082 _a332.110954
_bKHA/B
100 _98477
_aKhanna
245 _aBank Clerical Cadre
_bPreliminary Common Written Examination /
_c Khanna ; Sharma
260 _aNew Delhi:
_bVee Kumar Publications,
_c2012.
300 _a108p
942 _2ddc
_cBK
_iKHA/B
_k332.110954
_mKHA/B
_h332.110954